000 00504nam a2200181Ia 4500
001 12961
005 20260306163019.0
008 260306t2007||||xx |||||||||||||| ||spa||
041 _aESP
082 _aRD 473
_bS36
100 _aSegura Munguía, Santiago
_eAUT
245 0 _aFrases y expresiones latinas de uso actual:
_bcon un anexo sobre las instituciones jurídicas romanas
260 _c2007
300 _a203 páginas :
_c22 cm.
650 _aGEN
654 _aCHU
942 _cLIB
_dJUS
_fJUS
_2ddc
_n
999 _c12961
_d12961